| 000 | 00356nam a2200133Ia 4500 | ||
|---|---|---|---|
| 008 | 240624s9999 xx 000 0 und d | ||
| 041 | _aeng | ||
| 082 | _a900 RAO | ||
| 100 | _aRAO P V MANORANJAN | ||
| 245 | _aBRIEF HISTORY OF ROCKETRY IN ISRO | ||
| 260 |
_c2012 _aHyderabad _bUniversities Press |
||
| 300 | _axxii, : 369 : p. : cm. ; 22 | ||
| 365 |
_cRS _b25 |
||
| 999 |
_c21052 _d21052 |
||